Dictionary of computers, automatic control and data processing in six languages english-american, french, spanish, italian, dutch and german

Gespeichert in:
Bibliographische Detailangaben
1. Verfasser: Clason, W.E
Format: Buch
Sprache:Englisch
Französisch
Spanisch
Italienisch
Niederländisch
Deutsch
Veröffentlicht: Amsterdam Elsevier 1971
Ausgabe:2. rev. ed.
Tags: Tag hinzufügen
Keine Tags, Fügen Sie das erste Tag hinzu!

MARC

LEADER 00000nam a2200000 4500
001 c121667
005 20150325111257.8
041 0 |a eng 
041 0 |a fre 
041 0 |a spa 
041 0 |a ita 
041 0 |a dut 
041 0 |a ger 
044 |a NL 
245 1 0 |a Dictionary of computers, automatic control and data processing in six languages  |b english-american, french, spanish, italian, dutch and german  |c W.E. Clason 
250 |a 2. rev. ed. 
264 1 |a Amsterdam  |b Elsevier  |c 1971 
300 |a 474 s. 
100 1 |a Clason, W.E.